| 000 | 00997nam a22003497a 4500 | ||
|---|---|---|---|
| 001 | 0002711 | ||
| 003 | KOHA_MİRAKIL | ||
| 005 | 20260207001318.0 | ||
| 007 | ta | ||
| 008 | 090305b2002 tu |||gr||||#||||0|tur | | ||
| 020 | _a9758773003 | ||
| 040 |
_aTR-BiSEU _btur _cTR-BiSEU _erda |
||
| 041 | 0 | _atur | |
| 044 | _ctu | ||
| 050 |
_aHC241.25 _b.T86 2002 |
||
| 245 | 0 |
_aTüm yönleriyle Türkiye-AB ilişkileri/ _ceditör Mustafa Aykaç, Zeki Parlak. |
|
| 264 | 1 |
_aİstanbul : _bElif Kitabevi _c2002 |
|
| 300 | _a658 sayfa | ||
| 336 |
_ametin _btxt _2rdacontent |
||
| 337 |
_aaracısız _bn _2rdamedia |
||
| 338 |
_acilt _bnc _2rdacarrier |
||
| 490 | 1 |
_aElif Kitabevi yayınları ; _vno. |
|
| 490 | 1 | _a1. | |
| 490 | 1 |
_aEkonomi dizisi ; _vno. |
|
| 490 | 1 | _a1. | |
| 650 | 0 |
_aTürkiye Ekonomik ilişkiler Avrupa Birliği. _97296 |
|
| 830 | 1 |
_aElif Kitabevi yayınları ; _vno. _97297 |
|
| 830 | 1 |
_a1. _92570 |
|
| 830 | 1 |
_aEkonomi dizisi ; _vno. _97298 |
|
| 830 | 1 |
_a1. _92570 |
|
| 942 |
_2lcc _cBK |
||
| 999 |
_c2698 _d2698 |
||